| 000 | 00605cab a2200181 4500 | ||
|---|---|---|---|
| 001 | WB2337-09 | ||
| 008 | 090401t1987 xxu||||| |||| 00| 0 eng d | ||
| 035 | _a(Sirsi) u512 | ||
| 041 | _aeng | ||
| 245 | _aActivity remains high despite holiday lull | ||
| 260 | _c1987 | ||
| 350 | _a0 | ||
| 490 |
_aRICS News Service _vRef PR13-87/88 17/8/87 (9) |
||
| 520 | _aHouse prices are still rising according to the RICS Housing Market Survey for England and Wales for the quarter ending in August 1987. | ||
| 690 | _aPROPERTY-RESIDENTIAL PROPERTY-RESIDENTIAL PROPERTY MARKET | ||
| 942 | _n0 | ||
| 948 | _c04/03/1997 | ||
| 999 |
_c233 _d233 |
||